000 00586nam a2200121Ia 4500
008 220620s9999||||xx |||||||||||||| ||und||
100 _aBentley, Di||Watts, Mike
245 0 _aCommunicating In School Science
546 _aEnglish[eng]
650 _aattainment||target||key||stage||national||curriculum||profile||component||non-threatening||learning
856 _uhttps://library.oapen.org/bitstream/20.500.12657/24285/1/1005846.pdf||https://library.oapen.org/bitstream/20.500.12657/24285/1/1005846.pdf||https://library.oapen.org/bitstream/20.500.12657/24285/1/1005846.pdf
942 _cEB
999 _c34694
_d34694